Využitie lineárneho programovania v logistike podniku bakalárska práca

Saved in:
Bibliographic Details
Main Author: Jurík, Branislav
Corporate Author: Fakulta hospodárskej informatiky EU. Katedra operačného výskumu a ekonometrie
Other Authors: Reiff, Marian, 1978-
Format: Book
Language:Slovak
Published: Bratislava 2009
Tags: Add Tag
No Tags, Be the first to tag this record!

MARC

LEADER 00000nam$a2200000$$$4500
001 0097635
005 20240318134210.5
041 0 |a slo 
044 |a SK 
245 1 0 |a Využitie lineárneho programovania v logistike podniku  |b bakalárska práca  |c Branislav Jurík ; škol. Marian Reiff 
264 1 |a Bratislava  |c 2009 
300 |a 26 s. 
100 1 |a Jurík, Branislav 
700 1 |a Reiff, Marian, 1978- 
710 2 |a Fakulta hospodárskej informatiky EU. Katedra operačného výskumu a ekonometrie